<?xml version="1.0" encoding="UTF-8"?>
<marc:record xmlns:marc="http://www.loc.gov/MARC21/slim">
   <marc:leader>00000nam a2200000 a 4500</marc:leader>
   <marc:datafield ind1="1" ind2=" " tag="100">
      <marc:subfield code="a">Eschbach, Andreas</marc:subfield>
      <marc:subfield code="4">aut</marc:subfield>
      <marc:subfield code="e">Verfasser/-in</marc:subfield>
   </marc:datafield>
   <marc:datafield ind1="0" ind2="0" tag="245">
      <marc:subfield code="a">Die Abschaffung des Todes</marc:subfield>
   </marc:datafield>
   <marc:datafield ind1=" " ind2="1" tag="264">
      <marc:subfield code="b">Lübbe</marc:subfield>
      <marc:subfield code="c">2024</marc:subfield>
   </marc:datafield>
   <marc:datafield ind1="1" ind2=" " tag="520">
      <marc:subfield code="a">Der Tod löscht alles aus. Der Tod ist barbarisch. Und jetzt sagen Sie mir, warum sollten wir das dulden?&amp;#x00ab;Drei hochkarätige Unternehmer aus dem Silicon Valley wollen ein zweites 'Manhattan Projekt' ins Leben rufen. Nur ist das Ziel noch ehrgeiziger als damals die Entwicklung der Atombombe: Sie wollen den Tod abschaffen. Der Journalist James Windover entdeckt jedoch, dass die Unternehmer, während sie von Investoren Milliarden sammeln, insgeheim versuchen, einen Schriftsteller zum Schweigen zu bringen - weil sie eine Story fürchten, die er geschrieben hat. Was steht darin, das das Projekt gefährden könnte? James begibt sich auf die Suche nach dem Mann und gerät rasch selbst in tödliche Gefahr ...</marc:subfield>
   </marc:datafield>
   <marc:datafield ind1=" " ind2=" " tag="020">
      <marc:subfield code="a">9783757700515</marc:subfield>
      <marc:subfield code="9">9783757700515</marc:subfield>
   </marc:datafield>
</marc:record>
